000 00686nam a22001937a 4500
999 _c7248
_d7248
003 AR-CdUCM
008 190320b ||||| |||| 00| 0 spa d
040 _aMUNICIPALIDAD PROVINCIAL DEL CUSCO
_cBIBLIOTECA MUNICIPAL DEL CUSCO
082 _a530.07 /
_bC96
100 _aCustodio García, Andrés
_920427
245 _aNuevas fronteras de la física elemental :
_bFísica /
260 _aPerú :
_c2010.
300 _a483 paginas ;
_c25 cm.
505 _aContenido :Análisis dimensional -- Cinemática -- Caída libre vertical -- Razonamiento -- Energía mecánica ...
650 _aFísica pura
_920428
650 _aQuímica y física
_920429
942 _2ddc
_cLIBROS
945 _arum